| 000 | 00910nam a2200265 a 4500 | ||
|---|---|---|---|
| 001 | BRCA_4985 | ||
| 005 | 20190320204904.0 | ||
| 008 | 830825s1938 ag-#######---#000-0#spa-# | ||
| 041 | _aspa | ||
| 044 | _aag | ||
| 050 | 4 |
_aPQ6323 _b.C47 1938 |
|
| 100 | 1 |
_aCervantes Saavedra, Miguel de _d1547-1616 _9213 |
|
| 245 | 1 | 0 |
_aEl Ingenioso Hidalgo Don Quijote de la Mancha _cMiguel de Cervantes Saavedra. |
| 260 |
_aArgentina _bSopena _c1938 |
||
| 300 |
_a486 p. _c23 cm. |
||
| 500 | _aLibro donado por Booth de Ochoterena, 2008? | ||
| 500 | _aEstado físico: Encuadernación deteriorada | ||
| 650 | 1 | 4 |
_aNovela española _yÉpoca clásica, 1500-1700 _9215 |
| 650 | 1 | 4 |
_aLiteratura española _yÉpoca clásica, 1500-1700 _9216 |
| 650 | 1 | 4 |
_aNovela española _ySiglo XVII _9217 |
| 650 | 1 | 4 |
_aDon Quijote (Personaje ficticio) _vNovela _911664 |
| 740 | 0 | _aDon Quijote de la Mancha | |
| 902 | _aQAG | ||
| 942 |
_2lcc _cB |
||
| 999 |
_c4679 _d4679 |
||